ბათუმის შოთა რუსთაველის სახელმწიფო უნივერსიტეტის ბიბლიოთეკა

მოძღვართუხუცესი : (ბიბ.ჩანაწერი № 37946)

000 -ლიდერი
ფიქსირებული სიგრძის საკონტროლო ველი 01115nam a2200241Ia 4500
001 - საკონტროლო ნომერი
საკონტროლო ველი 3928
003 - საკონტროლო ნომრის იდენტიფიკატორი
საკონტროლო ველი GE_BSU
005 - ბოლო ოპერაციის თარიღი და დრო
საკონტროლო ველი 20190910172924.0
008 - ფიქსირებული სიგრძის მონაცემთა ელემენტები - ზოგადი ინფორმაცია
ფიქსირებული სიგრძის საკონტროლო ველი 181216s2002||||ge |||||||||||||| ||geo||
020 ## - წიგნის საერთაშორისო სტანდარტული ნომერი
International Standard Book Number 99928-43-45-04
040 ## - კატალოგიზაციის წყარო
Transcribing agency GE_BSU
041 ## - ენის კოდი
Language code of text/sound track or separate title geo
080 ## - უნივერსალური ათობითი კლასიფიკაციის ინდექსი
Universal Decimal Classification number 371.1(092) მ–47
100 ## - მთავარი ჩანაწერი - პიროვნების სახელი
Personal name მეგრელიშვილი, ომარ
9 (RLIN) 3524
245 ## - ცნობა სათაურის შესახებ
Title მოძღვართუხუცესი :
Remainder of title ზურაბ კომახიძე /
Statement of responsibility, etc ომარ მეგრელიშვილი ; რედ.: ნუგზარ მგელაძე, მხატვ. რედ. გურამ გუჯაბიძე.
264 ## - წარმოების, გამოცემის, დისტრიბუციის და სხვა ცნობები
გამოცემის, წარმოების, დისტრიბუციის... ადგილი ბათუმი :
გამოცემის, წარმოების, დისტრიბუციის... სახელწოდება ალიონი,
გამოცემის, წარმოების, დისტრიბუციის... თარიღი 2002
300 ## - ფიზიკური აღწერა
Extent 222 გვ. ;
Other physical details 20 სმ.
600 ## - SUBJECT ADDED ENTRY--PERSONAL NAME
Personal name კომახიძე ზურაბ
9 (RLIN) 3949
653 ## - INDEX TERM--UNCONTROLLED
Uncontrolled term ქართველი პედაგოგები
700 ## - ADDED ENTRY--PERSONAL NAME
Personal name მგელაძე, ნუგზარ
Relator term რედაქტორი
9 (RLIN) 1897
700 ## - ADDED ENTRY--PERSONAL NAME
Personal name გუჯაბიძე, გურამ
Relator term მხატვ. რედაქტორი
9 (RLIN) 2059
942 ## - ADDED ENTRY ELEMENTS (KOHA)
Koha item type წიგნი
Source of classification or shelving scheme
ეგზემპლარები
ჩამოწერის სტატუსი დაკარგული ეგზემპლარის სტატუსი კლასიფიკაციის წყარო ან თაროზე გაწყობის სქემა დაზიანების სტატუსი არ გაიცემა მუდმივი მდებარეობა (დაცვის ადგილი) ამჟამინდელი ადგილსამყოფელი თაროზე განთავსების ადგილი შეძენის თარიღი ღირებულება, შესყიდვის ნორმალური ფასი სრული შენახვის შიფრი შტრიხკოდი ბოლო ოპერაციის თარიღი ეგზემპლარის მიმდევრობითი ნომერი (კეტერი?) ფასის ძალაში შესვლის თარიღი ეგზემპლარის სახეობა საჯარო შენიშვნა
          ბათუმის შოთა რუსთაველის სახელმწიფო უნივერსიტეტის მთავარი ბიბლიოთეკა ბათუმის შოთა რუსთაველის სახელმწიფო უნივერსიტეტის მთავარი ბიბლიოთეკა წიგნსაცავი 2018-12-17 3.00 371.1(092) მ–47 5616 2018-12-17 5616 2018-12-17 წიგნი 3 ლ.